| 000 | 00804nam a2200253Ia 4500 | ||
|---|---|---|---|
| 003 | OSt | ||
| 005 | 20220918171337.0 | ||
| 006 | a|||||r|||| 00| 0 | ||
| 007 | ta | ||
| 008 | 220917b |||||||| |||| 00| 0 eng d | ||
| 020 |
_a9781509531202 (pbk) _cUSD 19.95 |
||
| 024 | _a352,715 | ||
| 037 |
_b4396, 05/02/2020, Govinda Book House _cTextual |
||
| 040 |
_aARTS _cARTS _beng |
||
| 041 |
_2eng _aeng |
||
| 082 | _aU287, Q9 | ||
| 100 |
_aSymons Jonathan Au. _935985 |
||
| 245 | 0 |
_aEcomodernism _b technology, politics and the climate crisis |
|
| 260 |
_aCambridge _bPolity Press UK _c2019 |
||
| 300 |
_aix,232p. _ccm. |
||
| 650 |
_aCLIMATE CHANGE; GEOGRAPHY _935986 |
||
| 942 |
_hU287, Q9 _cTEXL _2CC |
||
| 999 |
_c139153 _d139153 |
||